|
|
|
|
| LEADER |
01497nam a2200265 a 4500 |
| 001 |
GR-MES13155 |
| 008 |
070921s be b 001 0 gre d |
| 040 |
|
|
|a GrPaTEI
|b gre
|c GR-PaULI
|
| 040 |
|
|
|a GrPaTEI
|b gre
|c GR-PaULI
|
| 082 |
|
0 |
|a 639.8
|2 21
|
| 100 |
1 |
|
|a Basurco, Bernardo
|
| 245 |
1 |
0 |
|a Seafarrming today and tomorrow :
|b Abstracts and extended communications of contributions presented at the international Conference Aquaculture Europe 2002, Trieste, Italy, October 16-19,2002 /
|c Compiled by: Bernardo Basurco and Marco Saroglia.
|
| 260 |
|
|
|a Belgium :
|b European aquaculture society,
|c 2002
|
| 300 |
|
|
|a xxii
|a 562σ. :
|b εικ. ;
|c 24εκ.
|
| 490 |
0 |
|
|a European aquaculture society. No 32
|
| 504 |
|
|
|a Περιλαμβάνει βιβλιογραφίες και ευρετήριο.
|
| 650 |
|
0 |
|a Aquaculture
|v Congresses
|
| 650 |
|
4 |
|a Υδατοκαλλιέργειες-Συνέδρια
|
| 700 |
1 |
|
|a Saroglia, Marco
|
| 710 |
2 |
|
|a EUROPEAN AQUACULTURE SOCIETY
|
| 942 |
|
|
|2 ddc
|
| 952 |
|
|
|0 0
|1 0
|2 ddc
|4 0
|6 639_800000000000000_BAS
|7 0
|9 271662
|a MSLG
|b MSLG
|c BSC
|d 2021-01-17
|e 24
|f 0
|g 0.00
|l 0
|o 639.8 BAS
|p 2420000019454
|r 2021-01-17 00:00:00
|t 1
|w 2021-01-17
|y BK15
|x 20070921 0 ΤΣΑΝΤΑΡΛΙΩΤΗ 1
|x GrPaTEI
|
| 952 |
|
|
|0 0
|1 0
|2 ddc
|4 0
|6 639_800000000000000_BAS
|7 0
|9 271663
|a MSLG
|b MSLG
|c BSC
|d 2021-01-17
|e 24
|f 0
|g 0.00
|l 0
|o 639.8 BAS
|p 2420000019455
|r 2021-01-17 00:00:00
|t 1
|w 2021-01-17
|y BK15
|x 20070921 0 ΤΣΑΝΤΑΡΛΙΩΤΗ 1
|x GrPaTEI
|
| 971 |
|
|
|a .b25792039
|b 15-04-20
|c 13-09-16
|
| 999 |
|
|
|c 156961
|d 156961
|